Everyday grace : having hope, finding forgivenes and making miracles

Bibliographic Details
Main Author: William, Marianne
Format: Book
Published: London : Bantam Books , 2003
Subjects:

MARC

LEADER 00000cam a2200000 7i4500
001 0000084792
005 20040910.0
020 |a 0553815458 
090 0 0 |a 299.93   |b WIL 
100 1 |a William, Marianne 
245 1 0 |a Everyday grace :   |b having hope, finding forgivenes and making miracles   |c Marianne Wiliamson 
260 |a London :   |b Bantam Books ,   |c 2003 
300 |a 283p. ;   |c 19cm. 
650 0 0 |a Spiritual life 
999 |a 00172856   |b BUKU   |c PINJAMAN   |e PERPUSTAKAAN KOMUNITI PETALING JAYA